[Event "23.Schlosspark-Open"]
[Site "Wiesbaden"]
[Date "2011.08.26"]
[Round "3.24"]
[White "Bremer, Vincent"]
[Black "Sarközy, Benjamin"]
[Result "1/2-1/2"]
[WhiteElo "2144"]
[BlackElo "1944"]
[PlyCount "83"]
[EventDate "2011.??.??"]
[WhiteTeam "SC Lerchenberg/ZMO"]
[BlackTeam "SF Dettingen 1950"]

1. c4 c5 2. g3 g6 3. Bg2 Bg7 4. Nc3 Nc6 5. e3 d6 6. Nge2 e5 7. Nd5 Nge7 8. Nec3
O-O 9. O-O Rb8 10. d3 Nxd5 11. Nxd5 Ne7 12. e4 Nxd5 13. exd5 b5 14. Rb1 Ba6 15.
Qc2 f5 16. f4 bxc4 17. dxc4 e4 18. b3 Bd4+ 19. Kh1 Qf6 20. Re1 Rfe8 21. Be3 Bc8
22. Rbd1 Kf7 23. Qf2 Bc3 24. Re2 Bd7 25. Bd2 a5 26. Bxc3 Qxc3 27. Qe1 Qxe1+ 28.
Rdxe1 a4 29. Re3 Rb4 30. Rc3 Ra8 31. Bf1 axb3 32. axb3 Ra3 33. Ree3 h5 34. h4
Ke7 35. Kg1 Kd8 36. Kf2 Kc7 37. Be2 Kb6 38. Ke1 Ka5 39. Kd2 Ra1 40. Rc1 Rxc1
41. Kxc1 Rb8 42. Bd1 1/2-1/2

[Event "23.Schlosspark-Open"]
[Site "Wiesbaden"]
[Date "2011.08.26"]
[Round "3.26"]
[White "Hipler, Andreas"]
[Black "Will, Patrick"]
[Result "0-1"]
[WhiteElo "1914"]
[BlackElo "2021"]
[PlyCount "86"]
[EventDate "2011.??.??"]
[WhiteTeam "SK Gau-Algesheim"]
[BlackTeam "SC Bad Nauheim"]

1. e4 c5 2. Nc3 d6 3. f4 g6 4. Nf3 Bg7 5. Bb5+ Bd7 6. O-O Nc6 7. d3 e6 8. Qe1
Nge7 9. Rb1 O-O 10. Qh4 Nd4 11. Bxd7 Qxd7 12. Qf2 Nec6 13. Nd1 b5 14. c3 Nxf3+
15. Qxf3 Rab8 16. f5 Ne5 17. Qg3 exf5 18. exf5 Rfe8 19. fxg6 fxg6 20. Nf2 Qe6
21. b3 b4 22. c4 Rb7 23. Bb2 Rf7 24. Nh3 Rxf1+ 25. Rxf1 Nf3+ 26. Qxf3 Bxb2 27.
Kh1 Bg7 28. Ng5 Qf5 29. Ne4 Qxf3 30. Rxf3 Be5 31. Kg1 a5 32. Kf1 Kg7 33. g3 a4
34. Nd2 Bc3 35. Ne4 axb3 36. axb3 Be5 37. Ke2 h6 38. Rf1 Ra8 39. Kf3 Ra2 40.
Rf2 Ra1 41. h4 Ra3 42. Nd2 Bc3 43. Ke4 Ra2 0-1

[Event "23.Schlosspark-Open"]
[Site "Wiesbaden"]
[Date "2011.08.26"]
[Round "3.27"]
[White "Freundlieb, Thomas"]
[Black "Rump, Andreas"]
[Result "1-0"]
[WhiteElo "2095"]
[BlackElo "1950"]
[PlyCount "39"]
[EventDate "2011.??.??"]
[WhiteTeam "SV Bergneustadt/Dersch"]
[BlackTeam "SG Turm Idstein"]

1. d4 Nf6 2. Nf3 e6 3. e3 d5 4. Bd3 Be7 5. Nbd2 O-O 6. O-O b6 7. Ne5 Bb7 8. Qf3
c5 9. b3 cxd4 10. exd4 Bb4 11. a3 Bd6 12. Bb2 Nc6 13. Qh3 Qe7 14. f4 Rfd8 15.
g4 g6 16. b4 Rac8 17. Rae1 Kg7 18. f5 g5 19. fxe6 fxe6 20. Rxf6 1-0

[Event "23.Schlosspark-Open"]
[Site "Wiesbaden"]
[Date "2011.08.26"]
[Round "3.29"]
[White "Pioch, Thomas"]
[Black "Cordes, Lothar"]
[Result "1-0"]
[WhiteElo "2216"]
[BlackElo "1942"]
[PlyCount "59"]
[EventDate "2011.??.??"]
[WhiteTeam "Sfr.Mainz 1928"]
[BlackTeam "SF Lilienthal von 1971"]

1. e3 e5 2. c4 Nc6 3. Nc3 Nf6 4. a3 g6 5. Nf3 Bg7 6. Be2 O-O 7. d4 d6 8. O-O a5
9. d5 Ne7 10. Bd2 Bg4 11. h3 Bxf3 12. Bxf3 Nd7 13. Qc2 f5 14. Be2 Nf6 15. Rad1
Qd7 16. f4 c6 17. Qb3 Kh8 18. Kh2 Qc7 19. Rc1 Nd7 20. Qd1 c5 21. Nb5 Qb6 22.
Qc2 exf4 23. exf4 Nf6 24. Bd3 Rae8 25. Qa4 Ra8 26. Rce1 Ne4 27. Bxe4 fxe4 28.
Rxe4 Nf5 29. Re6 Bxb2 30. g4 1-0

[Event "23.Schlosspark-Open"]
[Site "Wiesbaden"]
[Date "2011.08.26"]
[Round "3.30"]
[White "Mayer, Frank"]
[Black "Karthaus, Carsten"]
[Result "1/2-1/2"]
[WhiteElo "2204"]
[BlackElo "1927"]
[PlyCount "49"]
[EventDate "2011.??.??"]
[WhiteTeam "Wiesbadener SV 1885"]
[BlackTeam "SC Murrhardt 1948 e.V."]

1. e4 d5 2. exd5 Qxd5 3. Nc3 Qa5 4. d4 c6 5. Nf3 Nf6 6. Bc4 Bg4 7. Bd2 e6 8. h3
Bh5 9. Qe2 Be7 10. Nd5 Qd8 11. Nxe7 Qxe7 12. O-O-O Nbd7 13. g4 Bg6 14. Ne5 Nb6
15. Bb3 Nfd7 16. a3 Nxe5 17. dxe5 O-O-O 18. Qe3 c5 19. Ba5 Rxd1+ 20. Rxd1 Rd8
21. Rxd8+ Kxd8 22. Bc4 Kc8 23. Bxb6 axb6 24. Be2 Qd7 25. b3 1/2-1/2

[Event "23.Schlosspark-Open"]
[Site "Wiesbaden"]
[Date "2011.08.26"]
[Round "3.31"]
[White "Prenzler, Daniel"]
[Black "Beulertz, Stefan"]
[Result "0-1"]
[WhiteElo "2203"]
[BlackElo "1897"]
[PlyCount "120"]
[EventDate "2011.??.??"]
[WhiteTeam "SC 1961 König Nied"]
[BlackTeam "Malta Chess Federation"]

1. e4 e6 2. Qe2 e5 3. Nf3 Nc6 4. g3 Bc5 5. Bg2 d6 6. c3 a5 7. h3 Nf6 8. O-O O-O
9. d3 Re8 10. Nbd2 Be6 11. Nc4 Ba7 12. Ne3 d5 13. Nh4 d4 14. Nef5 Bc5 15. c4
Ne7 16. Bg5 Ng6 17. Kh1 c6 18. Nxg6 fxg6 19. Nh4 Be7 20. Nf3 Nd7 21. Bd2 Bb4
22. Kh2 Rf8 23. Ng5 Qe7 24. f4 h6 25. Nf3 Bxd2 26. Qxd2 exf4 27. gxf4 c5 28.
Ng1 Nf6 29. Bf3 Qc7 30. e5 Nd7 31. Bd5 Rae8 32. Qg2 g5 33. Bxe6+ Rxe6 34. Qd5
Qc6 35. fxg5 Qxd5 36. cxd5 Rxe5 37. gxh6 gxh6 38. Nf3 Rxd5 39. Rae1 Rdf5 40.
Re7 R8f7 41. Rxf7 Rxf7 42. Kg2 Kf8 43. a3 a4 44. b3 axb3 45. Rb1 Ke7 46. Rxb3
b6 47. Nd2 Kd8 48. Nc4 Kc7 49. a4 Rf6 50. Kg3 Rf1 51. a5 bxa5 52. Nxa5 Ne5 53.
Rb7+ Kd6 54. Rb6+ Kd5 55. Rxh6 Rf3+ 56. Kg2 Rxd3 57. Kf2 Ra3 58. Nb7 Ra2+ 59.
Ke1 c4 60. Kd1 d3 0-1

[Event "23.Schlosspark-Open"]
[Site "Wiesbaden"]
[Date "2011.08.26"]
[Round "3.32"]
[White "Makilla, Tobias"]
[Black "Eck, Mathias"]
[Result "1/2-1/2"]
[WhiteElo "1937"]
[BlackElo "2137"]
[PlyCount "76"]
[EventDate "2011.??.??"]
[WhiteTeam "Sfr.1932 Kelkheim"]
[BlackTeam "SV SF Darmstadt 1994"]

1. e4 c6 2. d4 d5 3. e5 Bf5 4. Bd3 Bxd3 5. Qxd3 e6 6. Ne2 Qb6 7. O-O c5 8. c3
Nd7 9. f4 Ne7 10. Ng3 g6 11. Nd2 h5 12. h4 Nc6 13. Nf3 Be7 14. Be3 cxd4 15.
cxd4 Nb4 16. Qc3 O-O 17. Rfc1 Qa6 18. a3 Nc6 19. Nf1 Rfc8 20. N1h2 b5 21. Qd3
Qb7 22. Ng5 Kg7 23. g4 Rh8 24. f5 Bxg5 25. Bxg5 exf5 26. gxf5 Qb6 27. Be3 Nd8
28. Nf3 gxf5 29. Qxf5 Qg6+ 30. Qxg6+ Kxg6 31. Rc7 Nb6 32. Rf1 Ne6 33. Rc2 Rhg8
34. Rg2+ Kh7 35. Ng5+ Nxg5 36. Bxg5 Rg7 37. b3 Kg8 38. Kh2 Rc8 1/2-1/2

[Event "23.Schlosspark-Open"]
[Site "Wiesbaden"]
[Date "2011.08.26"]
[Round "3.33"]
[White "Krebs, Armin"]
[Black "Schmitt, Hans Walter"]
[Result "0-1"]
[WhiteElo "1896"]
[BlackElo "2130"]
[PlyCount "96"]
[EventDate "2011.??.??"]
[WhiteTeam "SV Ebersbach"]
[BlackTeam "Chess Tigers SFV"]

1. e4 d5 2. exd5 Nf6 3. Bb5+ Bd7 4. Qe2 Nxd5 5. Nc3 Nf6 6. d4 a6 7. Bxd7+ Nbxd7
8. Bg5 c6 9. Nf3 e6 10. O-O-O Be7 11. Ne5 Nd5 12. Bxe7 Nxc3 13. Qf3 Nxa2+ 14.
Kb1 Qxe7 15. Kxa2 Rd8 16. c3 Nxe5 17. dxe5 O-O 18. Rxd8 Rxd8 19. Rd1 Rd5 20.
Rxd5 cxd5 21. Qe3 h6 22. f4 Qc7 23. Qd4 Qa5+ 24. Kb3 Qb5+ 25. Qb4 Qc6 26. Qe7
b6 27. Qd8+ Kh7 28. Qd6 Qb5+ 29. Ka3 Qa5+ 30. Kb3 b5 31. Qa3 Qb6 32. Qd6 Qa5
33. Qa3 Qc7 34. Qb4 Kg8 35. Ka3 f6 36. Qd4 fxe5 37. fxe5 a5 38. b3 Qe7+ 39. b4
Kf8 40. Qb6 axb4+ 41. cxb4 Qd7 42. Kb3 d4 43. Kc2 Qc8+ 44. Qc5+ Qxc5+ 45. bxc5
b4 46. h4 Ke8 47. g4 Kd7 48. Kd3 b3 0-1

[Event "23.Schlosspark-Open"]
[Site "Wiesbaden"]
[Date "2011.08.26"]
[Round "3.34"]
[White "Kaspereit, Holger"]
[Black "Lanz, Udo"]
[Result "1/2-1/2"]
[WhiteElo "2124"]
[BlackElo "1845"]
[PlyCount "48"]
[EventDate "2011.??.??"]
[WhiteTeam "SK Ebringen"]
[BlackTeam "SC Eberbach"]

1. c4 e5 2. g3 f5 3. Bg2 g6 4. Nc3 Bg7 5. e3 Nf6 6. Nge2 d6 7. d3 c6 8. O-O a5
9. b3 O-O 10. Bb2 Be6 11. Qc2 Nbd7 12. Rad1 g5 13. Ba3 Ne8 14. f4 Ndf6 15. h3
Nh5 16. Kh2 Rf7 17. d4 e4 18. d5 Bc8 19. dxc6 bxc6 20. Nd4 Qf6 21. Nde2 Bb7 22.
Bb2 Qh6 23. Kg1 Bf6 24. Na4 Qg7 1/2-1/2

[Event "23.Schlosspark-Open"]
[Site "Wiesbaden"]
[Date "2011.08.26"]
[Round "3.35"]
[White "Beck, Michael"]
[Black "Goloborodko, Dmitro"]
[Result "0-1"]
[WhiteElo "1885"]
[BlackElo "2123"]
[PlyCount "46"]
[EventDate "2011.??.??"]
[WhiteTeam "SC Flörsheim 1921"]
[BlackTeam "SG Turm Idstein"]

1. Nf3 c5 2. c4 Nc6 3. d4 cxd4 4. Nxd4 g6 5. e4 Bg7 6. Be3 Nf6 7. Nc3 d6 8. Be2
O-O 9. O-O Bd7 10. f3 a6 11. Qd2 Rc8 12. Rac1 Ne8 13. b3 f5 14. exf5 gxf5 15.
f4 e6 16. Bf3 Qa5 17. Rfd1 Kh8 18. Qf2 Qd8 19. Kh1 Rg8 20. Rg1 Qf6 21. Nxc6
Bxc6 22. Nd5 exd5 23. cxd5 Bd7 0-1

[Event "23.Schlosspark-Open"]
[Site "Wiesbaden"]
[Date "2011.08.26"]
[Round "3.36"]
[White "Stang, Wolfgang"]
[Black "Syed, Tareq"]
[Result "0-1"]
[WhiteElo "1834"]
[BlackElo "2112"]
[PlyCount "60"]
[EventDate "2011.??.??"]
[WhiteTeam "PSV Dorfen"]
[BlackTeam "SC Brett vor'm Kopp Ffm"]

1. d4 c6 2. e4 Na6 3. Nf3 g6 4. Be2 Nh6 5. O-O Nc7 6. c4 d6 7. h3 Bg7 8. Be3 f5
9. Qd2 Nf7 10. Nc3 O-O 11. Ng5 Nxg5 12. Bxg5 Ne6 13. exf5 gxf5 14. Bh6 Bxh6 15.
Qxh6 Nxd4 16. Rad1 e5 17. Rfe1 Kh8 18. Rd3 Rg8 19. Bh5 Qg5 20. Qxg5 Rxg5 21.
Bd1 f4 22. Ne4 Rg6 23. Bh5 Rh6 24. Bg4 c5 25. Rb1 a5 26. b3 Bxg4 27. hxg4 f3
28. gxf3 Ne2+ 29. Kf1 Nf4 30. a3 Rh1# 0-1

[Event "23.Schlosspark-Open"]
[Site "Wiesbaden"]
[Date "2011.08.26"]
[Round "3.37"]
[White "Dehning-Busse, Karsten"]
[Black "Busche, Stefan"]
[Result "1/2-1/2"]
[WhiteElo "1828"]
[BlackElo "2079"]
[PlyCount "96"]
[EventDate "2011.??.??"]
[WhiteTeam "SF Lilienthal von 1971"]
[BlackTeam "SV Saarbrücken 1970"]

1. d4 Nf6 2. Nc3 d5 3. Bg5 Nbd7 4. Nf3 c6 5. e3 g6 6. Bd3 Bg7 7. O-O h6 8. Bh4
O-O 9. Rb1 a5 10. e4 dxe4 11. Nxe4 Nxe4 12. Bxe4 Nf6 13. Bd3 Bg4 14. Be2 Qb6
15. h3 Be6 16. c4 Rad8 17. c5 Qa7 18. a3 a4 19. Qd2 Rfe8 20. Bxf6 exf6 21. Rfe1
f5 22. Qb4 Bd5 23. Bd1 Rxe1+ 24. Qxe1 Be4 25. Rc1 Qb8 26. Rc4 b5 27. cxb6 Qxb6
28. Rb4 Qa5 29. Qe3 c5 30. Rxa4 cxd4 31. Qb3 Qc5 32. Rc4 Qe7 33. Rb4 d3 34. Nd2
Bxg2 35. Kxg2 Qg5+ 36. Kf1 Qxd2 37. Rb7 Rf8 38. Rd7 Qxb2 39. Qxd3 Qc3 40. Qxc3
Bxc3 41. Bb3 Kg7 42. Kg2 g5 43. Ra7 Kg6 44. a4 g4 45. a5 Rb8 46. Bxf7+ Kf6 47.
Bc4 Rb2 48. hxg4 Rxf2+ 1/2-1/2

[Event "23.Schlosspark-Open"]
[Site "Wiesbaden"]
[Date "2011.08.26"]
[Round "3.38"]
[White "Sprünken, Dirk"]
[Black "Martin T., Milan"]
[Result "0-1"]
[WhiteElo "1821"]
[BlackElo "2076"]
[PlyCount "86"]
[EventDate "2011.??.??"]
[WhiteTeam "SK Freising"]
[BlackTeam "vereinslos"]

1. Nf3 Nf6 2. c4 d5 3. g3 c6 4. cxd5 cxd5 5. d4 g6 6. Bg2 Bg7 7. O-O O-O 8. b3
Nc6 9. Bb2 b5 10. Nc3 Qb6 11. e3 a5 12. Ne5 Rd8 13. Nxc6 Qxc6 14. Rc1 Qb6 15.
a3 Ba6 16. b4 Qd6 17. Qb3 a4 18. Qc2 Rac8 19. Qd3 Rc4 20. Rc2 Qb6 21. f3 Bc8
22. g4 h5 23. h3 hxg4 24. hxg4 e5 25. dxe5 d4 26. Nxa4 Qc7 27. Nc5 dxe3 28. Qe2
Rxc2 29. Qxc2 Rd2 30. Qc3 Nd5 31. Qb3 Nf4 32. Qxe3 Rxg2+ 33. Kh1 Rxb2 34. Qxf4
Bxe5 35. Qe4 Qe7 36. Kg1 Qf6 37. Nd3 Bd4+ 38. Nf2 Be6 39. Qa8+ Kg7 40. Kg2 Bc4
41. Rh1 Rxf2+ 42. Kg3 Qd6+ 43. Kh3 Bd5 0-1

[Event "23.Schlosspark-Open"]
[Site "Wiesbaden"]
[Date "2011.08.26"]
[Round "3.39"]
[White "Bösch, Udo"]
[Black "Traut, Stefan"]
[Result "1-0"]
[WhiteElo "2071"]
[BlackElo "1776"]
[PlyCount "59"]
[EventDate "2011.??.??"]
[WhiteTeam "SK Ebringen"]
[BlackTeam "Sfr. Heusenstamm"]

1. c4 c5 2. Nc3 Nf6 3. g3 g6 4. Bg2 Bg7 5. a3 Nc6 6. Rb1 O-O 7. d3 e6 8. b4 d6
9. bxc5 dxc5 10. Bxc6 bxc6 11. Qa4 Qc7 12. Nf3 Nd7 13. Bd2 Bb7 14. O-O e5 15.
Ne4 Nb6 16. Qa5 Rfb8 17. Nxc5 Qe7 18. Be3 Bc8 19. Ne4 Bg4 20. Bc5 Qd7 21. Bd6
Bxf3 22. exf3 Re8 23. c5 Nd5 24. Qa6 Rec8 25. Rb7 Qf5 26. Kg2 h6 27. Rfb1 Qe6
28. Rxa7 Rxa7 29. Qxa7 f5 30. Rb7 1-0

[Event "23.Schlosspark-Open"]
[Site "Wiesbaden"]
[Date "2011.08.26"]
[Round "3.40"]
[White "Spelleken, Hans-Gerd"]
[Black "Klyszcz, Michael"]
[Result "0-1"]
[WhiteElo "1714"]
[BlackElo "2064"]
[PlyCount "137"]
[EventDate "2011.??.??"]
[WhiteTeam "SC Alzenau"]
[BlackTeam "SG 1871 Löberitz"]

1. d4 g6 2. e4 Bg7 3. Nf3 c5 4. c3 b6 5. Bc4 Bb7 6. d5 d6 7. Bf4 Nd7 8. O-O
Ngf6 9. Re1 O-O 10. h3 a6 11. a4 Ne8 12. Qd2 Ne5 13. Nxe5 dxe5 14. Bh6 Nd6 15.
Bd3 c4 16. Bc2 Qc7 17. Bxg7 Kxg7 18. Qg5 f6 19. Qg4 b5 20. Nd2 b4 21. Nf3 b3
22. Bb1 Bc8 23. Qg3 Kh8 24. Nxe5 fxe5 25. Qxe5+ Kg8 26. Qg3 Ne8 27. Qg5 Qc5 28.
Re3 Ra7 29. g4 e5 30. Qxe5 Raf7 31. Qg3 Rf4 32. Kg2 Qd6 33. f3 Qc5 34. Qe1 Bb7
35. a5 Nf6 36. Ra4 Nd7 37. Rb4 Bc8 38. e5 Qxd5 39. Be4 Qxe5 40. Bxg6 Qc5 41.
Bf5 Nf6 42. Re5 Qc7 43. Bxc8 Rxc8 44. Qe3 Nd7 45. Re7 Rcf8 46. Qe6+ R8f7 47.
Rxf7 Rxf7 48. Rxc4 Qe5 49. Re4 Qxe6 50. Rxe6 Rf6 51. Re7 Rd6 52. Re2 Kf7 53. c4
Nc5 54. h4 Rd4 55. Kg3 Rxc4 56. f4 Rc2 57. Re5 Nd7 58. Rh5 Nf6 59. Re5 Rxb2 60.
g5 Nd7 61. Rd5 Ke6 62. Rd1 Nc5 63. Kf3 Rc2 64. Re1+ Kf7 65. Ke3 b2 66. Rb1 Na4
67. Rd1 Rc1 68. Rd7+ Kg6 69. Rd6+ 0-1

[Event "23.Schlosspark-Open"]
[Site "Wiesbaden"]
[Date "2011.08.26"]
[Round "3.41"]
[White "Müller, Lutz"]
[Black "Wang, Julia"]
[Result "1-0"]
[WhiteElo "2064"]
[BlackElo "1719"]
[PlyCount "65"]
[EventDate "2011.??.??"]
[WhiteTeam "Sfr.Mainz 1928"]
[BlackTeam "Heilbronner SV"]

1. d4 c6 2. e4 d5 3. e5 Bf5 4. g4 Be4 5. f3 Bg6 6. h4 h5 7. Nh3 e6 8. Nf4 Bh7
9. Nxh5 g6 10. Ng3 g5 11. hxg5 Ne7 12. Nh5 Qa5+ 13. b4 Bxc2 14. Qd2 Qb6 15.
Nf6+ Kd8 16. Rxh8 Ng6 17. Rg8 Kc7 18. Rxf8 Nxf8 19. Qxc2 Qxd4 20. Qc3 Qg1 21.
Be3 Qg3+ 22. Bf2 Qf4 23. Nd2 Ng6 24. b5 Qxg5 25. Bg3 Nd7 26. Rc1 Ne7 27. Qa3
Nc8 28. bxc6 bxc6 29. f4 Qg6 30. Bb5 Nb8 31. Bxc6 Nxc6 32. Qc5 N8e7 33. Qxe7+
1-0

[Event "23.Schlosspark-Open"]
[Site "Wiesbaden"]
[Date "2011.08.26"]
[Round "3.42"]
[White "Glinzer, Christoph"]
[Black "Kuhnigk, Thomas"]
[Result "1-0"]
[WhiteElo "2058"]
[BlackElo "1701"]
[PlyCount "45"]
[EventDate "2011.??.??"]
[WhiteTeam "SC Alzenau"]
[BlackTeam "SC Taunusstein 1966"]

1. e4 d5 2. Nf3 dxe4 3. Ng5 Nf6 4. Nc3 g6 5. Bc4 e6 6. Ngxe4 Bg7 7. d3 Nxe4 8.
Nxe4 O-O 9. h4 b6 10. h5 Bb7 11. hxg6 hxg6 12. Bg5 Qd4 13. c3 Qe5 14. f4 Qf5
15. g4 Qa5 16. Qf3 Bxe4 17. dxe4 Nd7 18. O-O-O b5 19. Rxd7 bxc4 20. Qh3 Rfe8
21. e5 Qxa2 22. Qh7+ Kf8 23. Qh8+ 1-0

[Event "23.Schlosspark-Open"]
[Site "Wiesbaden"]
[Date "2011.08.26"]
[Round "3.43"]
[White "Krzesinski, Paul"]
[Black "Schünemann, Robert"]
[Result "1-0"]
[WhiteElo "1832"]
[BlackElo "1649"]
[PlyCount "47"]
[EventDate "2011.??.??"]
[WhiteTeam "Frankfurter TV 1860"]
[BlackTeam "SV Saarbrücken 1970"]

1. e4 c5 2. Nf3 d6 3. d4 cxd4 4. Nxd4 Nf6 5. Nc3 a6 6. Be2 e5 7. Nb3 Be7 8. O-O
b5 9. Qd3 Bb7 10. Rd1 Nbd7 11. Be3 Rc8 12. a3 Rxc3 13. Qxc3 Bxe4 14. Bd3 Nd5
15. Qe1 Nxe3 16. Qxe3 Ba8 17. a4 O-O 18. axb5 axb5 19. Bxb5 f5 20. Rxa8 Qxa8
21. Bxd7 Rf6 22. Qc3 Qe4 23. Qc8+ Kf7 24. Qe8# 1-0

[Event "23.Schlosspark-Open"]
[Site "Wiesbaden"]
[Date "2011.08.26"]
[Round "3.44"]
[White "Klebs, Sebastian"]
[Black "Supplieth, Peter"]
[Result "0-1"]
[WhiteElo "1738"]
[BlackElo "2028"]
[PlyCount "134"]
[EventDate "2011.??.??"]
[WhiteTeam "vereinslos"]
[BlackTeam "SC Kevelaer 1948 e.V."]

1. e4 Nf6 2. Nc3 d5 3. exd5 Nxd5 4. Bc4 c6 5. Qf3 e6 6. Nge2 Nd7 7. O-O Bd6 8.
Ne4 Bc7 9. d4 O-O 10. Bg5 f6 11. Bd2 f5 12. N4c3 Qf6 13. Rad1 N7b6 14. Nxd5
exd5 15. Bd3 g5 16. Qh5 h6 17. h4 f4 18. hxg5 Qxg5 19. Qg6+ Qxg6 20. Bxg6 Kg7
21. Bd3 f3 22. gxf3 Rxf3 23. Kg2 Bg4 24. Rh1 h5 25. Rdf1 Rh8 26. Rfg1 Rhf8 27.
Rf1 Rxd3 28. cxd3 Bf3+ 29. Kg1 Bxe2 30. Re1 Bf3 31. Rh3 Bg4 32. Rhe3 Bd6 33.
Re8 Rf7 34. Bg5 Bd7 35. R8e3 Bb4 36. Rf1 Nc8 37. f4 Bg4 38. a3 Ba5 39. b4 Bb6
40. Re8 Bxd4+ 41. Kg2 Nd6 42. Ree1 Nf5 43. Rh1 Bb2 44. Rb1 Bc3 45. Rb3 Bd2 46.
Rb2 Be3 47. Re1 Bd4 48. Rbb1 Ne3+ 49. Kg3 Kg6 50. a4 Bf5 51. Rb3 Rh7 52. Kf3
Bg4+ 53. Kg3 Kf5 54. Rbb1 h4+ 55. Bxh4 Rxh4 56. Kxh4 Kxf4 57. Rf1+ Nxf1 58.
Rxf1+ Bf3 59. Kh3 Bc3 60. b5 c5 61. Rg1 Bd4 62. Rg8 Be5 63. Ra8 Bc3 64. Rxa7 b6
65. Rb7 Ba5 66. Rf7+ Ke3 67. Rf8 Bd1 0-1

[Event "23.Schlosspark-Open"]
[Site "Wiesbaden"]
[Date "2011.08.26"]
[Round "3.46"]
[White "Baskin, Robert"]
[Black "Hess, Max"]
[Result "1-0"]
[WhiteElo "1977"]
[BlackElo "1645"]
[PlyCount "39"]
[EventDate "2011.??.??"]
[WhiteTeam "SAbt TuS Makkabi Ffm"]
[BlackTeam "Post-SV Memmingen"]

1. e4 c5 2. Nf3 e6 3. d4 cxd4 4. Nxd4 a6 5. Bd3 g6 6. O-O Bg7 7. Nb3 Ne7 8. c4
O-O 9. Nc3 Qc7 10. f4 Nbc6 11. f5 exf5 12. exf5 Bxc3 13. bxc3 Ne5 14. f6 N7c6
15. Qd2 Ng4 16. Rf4 Nce5 17. h3 Nxd3 18. Qxd3 Ne5 19. Qe3 Qd6 20. Ba3 1-0

[Event "23.Schlosspark-Open"]
[Site "Wiesbaden"]
[Date "2011.08.26"]
[Round "3.47"]
[White "Kunkel, Wolfgang"]
[Black "Eg, Karlheinz"]
[Result "0-1"]
[WhiteElo "1713"]
[BlackElo "2007"]
[PlyCount "32"]
[EventDate "2011.??.??"]
[WhiteTeam "SK 1858 Gießen"]
[BlackTeam "SV Rüsselsheim 1929"]

1. g4 d5 2. Bg2 Bxg4 3. c4 c6 4. cxd5 cxd5 5. Nc3 Nf6 6. d4 Nc6 7. Nf3 e6 8.
Bf4 Nh5 9. Bg3 Nxg3 10. fxg3 Qb6 11. e3 Qxb2 12. Rc1 Qxg2 13. Rf1 Bxf3 14. Rxf3
Qg1+ 15. Rf1 Qxe3+ 16. Ne2 Bb4+ 0-1

[Event "23.Schlosspark-Open"]
[Site "Wiesbaden"]
[Date "2011.08.26"]
[Round "3.48"]
[White "Beck, Andreas"]
[Black "Simkin, Mark"]
[Result "0-1"]
[WhiteElo "1700"]
[BlackElo "2004"]
[PlyCount "104"]
[EventDate "2011.??.??"]
[WhiteTeam "TSVG1900 Malschenberg"]
[BlackTeam "SV Saarbrücken 1970"]

1. e4 e5 2. Nf3 Nc6 3. Bb5 a6 4. Bxc6 dxc6 5. O-O Bg4 6. h3 h5 7. d3 Qf6 8. Be3
Bxf3 9. Qxf3 Qxf3 10. gxf3 Bd6 11. Nc3 Ne7 12. Ne2 Ng6 13. Kh2 O-O-O 14. Rg1 c5
15. Nc3 b6 16. Nd5 Kb7 17. Bg5 Rdg8 18. Bd2 Nf8 19. Rg2 c6 20. Ne3 g6 21. Rag1
Ne6 22. Nc4 Bc7 23. Be3 a5 24. h4 b5 25. Nd2 a4 26. Rb1 Ra8 27. Rgg1 Rhd8 28.
Rgd1 Rd7 29. Nf1 Rad8 30. b3 Ra8 31. Ng3 Bd6 32. Kg2 Rdd8 33. Ne2 axb3 34. axb3
Ra2 35. Rdc1 Nd4 36. Nxd4 cxd4 37. Bg5 Rda8 38. Kf1 Kc7 39. Kg2 Ba3 40. Bf6
Bxc1 41. Bxe5+ Kb6 42. Rxc1 c5 43. c3 dxc3 44. Rxc3 Rd8 45. Bf4 b4 46. Rc4 Rxd3
47. Kg3 Rxb3 48. Be3 Rxe3 49. fxe3 Kb5 50. Rc1 c4 51. f4 b3 52. f5 b2 0-1

[Event "23.Schlosspark-Open"]
[Site "Wiesbaden"]
[Date "2011.08.26"]
[Round "3.49"]
[White "Tufa, Mihai"]
[Black "Köllmer, Hans"]
[Result "1-0"]
[WhiteElo "2003"]
[BlackElo "1604"]
[PlyCount "51"]
[EventDate "2011.??.??"]
[WhiteTeam "Club Sah Diana Galati"]
[BlackTeam "Sfr.Heidesheim"]

1. e4 e6 2. d4 d5 3. Nd2 c5 4. exd5 exd5 5. Bb5+ Bd7 6. Qe2+ Qe7 7. Bxd7+ Nxd7
8. dxc5 Qxe2+ 9. Nxe2 Bxc5 10. Nb3 Bb6 11. a4 a5 12. Nc3 Ngf6 13. Bf4 O-O 14.
O-O Rfd8 15. Rad1 Nc5 16. Nxc5 Bxc5 17. Bg5 Bb4 18. Bxf6 gxf6 19. Nxd5 Kg7 20.
Rd3 Bd6 21. Rfd1 Be5 22. c3 Rac8 23. b3 Bxc3 24. Nxc3 Rxd3 25. Rxd3 Rc5 26. f4
1-0

[Event "23.Schlosspark-Open"]
[Site "Wiesbaden"]
[Date "2011.08.26"]
[Round "3.50"]
[White "Künitz, Klaus"]
[Black "Kettner, Uwe"]
[Result "1-0"]
[WhiteElo "1684"]
[BlackElo "1993"]
[PlyCount "93"]
[EventDate "2011.??.??"]
[WhiteTeam "TSV Schott Mainz"]
[BlackTeam "SAbt TuS Dotzheim"]

1. d4 Nf6 2. c4 g6 3. Nc3 Bg7 4. Nf3 d6 5. Bf4 O-O 6. e3 Nh5 7. Bg5 Re8 8. Be2
c6 9. O-O Nd7 10. h3 Qb6 11. Rb1 f5 12. b4 e5 13. b5 Qa5 14. Qb3 e4 15. Nd2
Nhf6 16. Bf4 Bf8 17. Bxd6 Bxd6 18. c5+ Kg7 19. Nc4 Qd8 20. Nxd6 Re7 21. Qa4 Nb8
22. Nc4 Be6 23. Nb6 cxb5 24. Bxb5 axb6 25. Qxa8 bxc5 26. dxc5 Qc7 27. Qa3 f4
28. exf4 Qxf4 29. c6 Rf7 30. Ne2 Qe5 31. cxb7 Rxb7 32. Qb2 Qxb2 33. Rxb2 Bxa2
34. Rxa2 Rxb5 35. Ra7+ Kh6 36. g4 g5 37. Nd4 Re5 38. Nf5+ Rxf5 39. gxf5 g4 40.
Rb1 Nbd7 41. hxg4 Kg5 42. Rbb7 Ne5 43. Rg7+ Kf4 44. Ra6 Nexg4 45. Rxg4+ Nxg4
46. f6 e3 47. fxe3+ 1-0

[Event "23.Schlosspark-Open"]
[Site "Wiesbaden"]
[Date "2011.08.26"]
[Round "3.52"]
[White "Giese, Tilman"]
[Black "Memmeler, Björn"]
[Result "1-0"]
[WhiteElo "1967"]
[BlackElo "1427"]
[PlyCount "51"]
[EventDate "2011.??.??"]
[WhiteTeam "SC Turm Illingen"]
[BlackTeam "Wiesbadener SV 1885"]

1. Nf3 Nf6 2. g3 g6 3. Bg2 Bg7 4. d3 O-O 5. O-O d5 6. Nbd2 Na6 7. e4 e6 8. Re1
dxe4 9. dxe4 b6 10. e5 Nd5 11. Ne4 Rb8 12. Bg5 Qd7 13. Qe2 Nc5 14. Nxc5 bxc5
15. c4 Nb6 16. b3 Bb7 17. Rad1 Qc8 18. Be7 Re8 19. Bxc5 Bf8 20. Bxf8 Rxf8 21.
Rd4 Rd8 22. Red1 Rxd4 23. Rxd4 Bxf3 24. Bxf3 Qf8 25. Qd2 Kg7 26. Qa5 1-0

[Event "23.Schlosspark-Open"]
[Site "Wiesbaden"]
[Date "2011.08.26"]
[Round "3.53"]
[White "Hansch, Christian Min"]
[Black "Barisch, Florian"]
[Result "0-1"]
[WhiteElo "1229"]
[BlackElo "1954"]
[PlyCount "58"]
[EventDate "2011.??.??"]
[WhiteTeam "SC Turm Büdingen"]
[BlackTeam "SV 1934 Ffm-Griesheim"]

1. e4 c5 2. Nf3 Nc6 3. Bb5 g6 4. d4 cxd4 5. Nxd4 Bg7 6. Be3 e6 7. Nc3 Nge7 8.
Qd2 O-O 9. O-O-O Qc7 10. Bxc6 bxc6 11. Nb3 d5 12. Bf4 e5 13. exd5 cxd5 14. Nxd5
Nxd5 15. Qxd5 Be6 16. Bxe5 Qxe5 17. Qxe5 Bxe5 18. Rhe1 Bg7 19. Kb1 Rab8 20. c3
Bxb3 21. axb3 Rxb3 22. Kc2 Rfb8 23. Rb1 a5 24. Re4 Bxc3 25. Re3 Rxb2+ 26. Rxb2
Bxb2 27. Re7 Ba3 28. Ra7 Rc8+ 29. Kd3 Bb4 0-1

[Event "23.Schlosspark-Open"]
[Site "Wiesbaden"]
[Date "2011.08.26"]
[Round "3.54"]
[White "Wöhl, Sebastian"]
[Black "Zimmer, Gerald"]
[Result "0-1"]
[WhiteElo "1091"]
[BlackElo "1944"]
[PlyCount "66"]
[EventDate "2011.??.??"]
[WhiteTeam "SC Groß-Zimmern"]
[BlackTeam "SC Bergen-Enkheim 1922"]

1. e4 e6 2. d4 d5 3. exd5 exd5 4. Nf3 Bg4 5. Be2 Bd6 6. Nc3 Ne7 7. O-O Nbc6 8.
Be3 Qd7 9. a3 f6 10. Re1 O-O-O 11. Nb5 Nf5 12. Nxd6+ Qxd6 13. Qd3 Nxe3 14. Qxe3
Rhe8 15. Qd3 g5 16. Qxh7 Rh8 17. Qd3 Bxf3 18. Bxf3 Qxh2+ 19. Kf1 Qf4 20. g3
Qxd4 21. Qf5+ Kb8 22. c3 Qc4+ 23. Kg2 Ne5 24. Qxf6 Nxf3 25. Qxf3 Rdf8 26. Qe3
Qc6 27. f3 Qg6 28. g4 a6 29. Qe6 Qc2+ 30. Qe2 Qa4 31. Qe5 Re8 32. Qd4 Qc2+ 33.
Qf2 Rh2+ 0-1